Cabaran hari bahagia

Bibliographic Details
Main Author: Wan Nan Wan Mahmud
Format: Book
Published: Selangor : Pustaka Mawar , 2004
Series:Siri cerita klasik nirwana
Subjects:

MARC

LEADER 00000cam a2200000 7i4500
001 0000003790
005 20151222.0
008 070720
020 |a 9838753688(siri) 
020 |a 9838753777 
090 0 0 |a JF   |b CT MAL (4644) 
100 0 |a Wan Nan Wan Mahmud 
245 1 0 |a Cabaran hari bahagia   |c Wan Nan Wan Mahmud 
260 |a Selangor :   |b Pustaka Mawar ,   |c 2004 
440 |a Siri cerita klasik nirwana 
500 |a Children ages 7-9 years old (orange) 
650 0 |a Malay language   |x Readers   |x Fiction 
999 |a 0000951715   |b Book   |c Children Collection   |e Cawangan Segamat 
999 |a 0000971278   |b Book   |c Children Collection   |e Perbadanan Perpustakaan Awam Johor 
999 |a 0000971279   |b Book   |c Children Collection   |e Cawangan Bukit Gambir 
999 |a 0000971280   |b Book   |c Children Collection   |e Cawangan Muar